Analysis of the results of image data segmentation methods
Saved in:
| Main Author: | |
|---|---|
| Other Authors: | |
| Format: | Manuscript Book |
| Language: | Slovak English |
| Published: |
Bratislava :
STU v Bratislave FEI,
2025
|
| Subjects: | |
| Online Access: | https://opac.crzp.sk/?fn=detailBiblioFormChildC6SQE&sid=8D80AD18777FCC7F64BDB44DC29E&seo=CRZP-detail-kniha |
| Tags: |
No Tags, Be the first to tag this record!
|
MARC
| LEADER | 00000ntm a22000003a 4500 | ||
|---|---|---|---|
| 001 | stuzp101868 | ||
| 003 | SK-STU | ||
| 005 | 20260210094248.5 | ||
| 007 | ta | ||
| 008 | 150427s2015----xo-----f-mn---000-0-slo-d | ||
| 040 | |a STU |b slo | ||
| 041 | 0 | |a eng | |
| 044 | |a xo | ||
| 100 | 1 | |a Kubiš, Ján |u 031000 |4 aut |U FEI Fakulta elektrotechniky a informatiky |T FEI Ústav robotiky a kybernetiky |X 120532 |U E011 |Y 356 |7 120532 | |
| 242 | 0 | 1 | |a Analýza výsledkov metód segmentácie obrázkových dát |y slo |
| 245 | 1 | 0 | |a Analysis of the results of image data segmentation methods |
| 260 | |a Bratislava : |b STU v Bratislave FEI, |c 2025 | ||
| 300 | |a 80 s. | ||
| 650 | 4 | |a Počítačové videnie |2 slo | |
| 650 | 4 | |a Kontingenčná matica |2 slo | |
| 650 | 4 | |a Sémantická segmentácia |2 slo | |
| 650 | 4 | |a Aplikácia v Pythone |2 slo | |
| 650 | 4 | |a Metriky hodnotenia segmentácie |2 slo | |
| 650 | 4 | |a Semantic Segmentation |2 eng | |
| 650 | 4 | |a Image Segmentation Metrics |2 eng | |
| 650 | 4 | |a Python Application |2 eng | |
| 650 | 4 | |a Confusion Matrix |2 eng | |
| 650 | 4 | |a Computer Vision |2 eng | |
| 700 | 1 | |a Straka, Ondrej |u 031000 |k Z3 |4 ths |U FEI Fakulta elektrotechniky a informatiky |T FEI Ústav robotiky a kybernetiky |X 79754 |U E011 |Y 356 |7 79754 | |
| 856 | 4 | |u https://opac.crzp.sk/?fn=detailBiblioFormChildC6SQE&sid=8D80AD18777FCC7F64BDB44DC29E&seo=CRZP-detail-kniha | |